The philosophy, psychology and practice of yoga (Record no. 114976)
[ view plain ]
| 000 -LEADER | |
|---|---|
| fixed length control field | 00402nam a22001457a 4500 |
| 005 - DATE AND TIME OF LATEST TRANSACTION | |
| control field | 20260328141721.0 |
| 008 - FIXED-LENGTH DATA ELEMENTS--GENERAL INFORMATION | |
| fixed length control field | 250422b |||||||| |||| 00| 0 eng d |
| 080 ## - UNIVERSAL DECIMAL CLASSIFICATION NUMBER | |
| Universal Decimal Classification number | 294.527 |
| Item number | CHI/P |
| 100 ## - MAIN ENTRY--PERSONAL NAME | |
| Personal name | Chidananda, Swami |
| 245 ## - TITLE STATEMENT | |
| Title | The philosophy, psychology and practice of yoga |
| 260 ## - PUBLICATION, DISTRIBUTION, ETC. (IMPRINT) | |
| Name of publisher, distributor, etc | The divine life society. |
| Place of publication, distribution, etc | Uttarakhand. |
| Date of publication, distribution, etc | 2025. |
| 300 ## - PHYSICAL DESCRIPTION | |
| Extent | 255p. |
| 653 ## - INDEX TERM--UNCONTROLLED | |
| Uncontrolled term | Yoga-Religion |
| 942 ## - ADDED ENTRY ELEMENTS (KOHA) | |
| item type | Under processing |
| Lost status | Source of classification or shelving scheme | Not for loan | Home library | Current library | Shelving location | Date acquired | Total Checkouts | Full call number | Barcode | Date last seen | Cost, replacement price | Price effective from | Koha item type |
|---|---|---|---|---|---|---|---|---|---|---|---|---|---|
| Universal Decimal Classification | Not For Loan | University Library | University Library | On Display | 21/04/2025 | 294.527 CHI/P | G0011523 | 22/04/2025 | 180.00 | 22/04/2025 | Books |
